01194nam a22002657a 45000010005000000030010000050050017000150080041000320400047000730410008001200820017001281000040001452450083001852640046002683000013003143360022003273370019003493380021003685000049003895050277004386530064007159420007007799520125007869990017009111539CO-MdFUSB20180622072717.0170420t1968 s ||||| |||| 00| 0 s d aCO-MdFUSBbspacCO-MdFUSBdCO-MdFUSBCerda0 aspa04aG 211 E2611d1 aEdwards, David L. (Lawrence)eautor 3aEl debate en torno a "Honest to God"c / David L. Edwards, John A. T. Robinson 4aBarcelona, España : bKairós,c©1968 a221 Pag. 2rdacontenta1ba1 2rdamediaa2b5 2rdacarriera2b5 aTítulo original : The honest to God debate00aUna nueva conmoción del cristianismo ingles -- reacciones en la iglesia de Inglaterra -- comentarios críticos -- ¿cómo es posible la teología? -- acerca del ateísmo -- religión y mayoría de edad -- Dios y los teólogos -- comentario -- el debate continúa aRobinson, John A. T. (Arthur Thomas), 1919 - Honest to God. cBK 001040708GENaFUSBCbFUSBCd2004-10-21l0oG 211 E2611d p1018r2019-12-12 00:00:00t1w2016-01-26yBKB0C3IINV2023 c32858d32858